000 00561nam a22001937a 4500
003 BUBTL
008 170509b xxu||||| |||| 00| 0 eng d
020 _a978-1-84569-931-4
082 _a687.04SIT
100 _91179
_aSinclair,Rose
245 _aTextiles and Fashion
_bMaterials, Design and Technology
260 _aAmsterdam
_bElsevier
_cc2015
300 _a[xlvii],845p.
_bills.tables.
_c22cm.
650 0 _9909
_aTextile Engineering
700 _91180
_aSinclair,Rose
856 _k0
_l0
_yDownload
942 _2ddc
_cBK
999 _c5440
_d5440